|
|
|
|
| LEADER |
00953nam a2200253 i 4500 |
| 001 |
c000237198 |
| 003 |
CARM |
| 005 |
00000000000000.0 |
| 008 |
840301s1975 vp 0 eng d |
| 019 |
1 |
|
|a 202228
|5 LACONCORD2021
|
| 020 |
|
|
|a 3258024103
|
| 035 |
|
|
|a (OCoLC)2203023
|5 LACONCORD2021
|
| 082 |
0 |
4 |
|a 334/.683/0985
|
| 100 |
1 |
|
|a Büchler, Peter.
|
| 245 |
1 |
0 |
|a Agrarian cooperatives in Peru :
|b a socio-economic survey /
|c Peter Buchler.
|
| 260 |
|
|
|a Berne ;
|a Stuttgart :
|b Paul Haupt,
|c 1975.
|
| 300 |
|
|
|a 261, [8] p. ;
|c 23 cm.
|
| 440 |
|
0 |
|a Berner Beiträge zur Soziologie ;
|v 16
|
| 504 |
|
|
|a Bibliography: p. [265]-[269].
|
| 650 |
|
0 |
|a Agriculture, Cooperative
|z Peru.
|
| 651 |
|
0 |
|a Peru
|x Rural conditions.
|
| 852 |
8 |
|
|b CARM
|h A1:AP03B0
|i B07209
|p 0365923
|f BK
|
| 999 |
f |
f |
|i 7e2212d3-f5be-5895-94e0-22d9f257eecd
|s 7f84fbfd-2f23-5ade-87cd-36e7f30bbe44
|
| 952 |
f |
f |
|p Can circulate
|a CAVAL
|b CAVAL
|c CAVAL
|d CARM 1 Store
|e B07209
|f A1:AP03B0
|h Other scheme
|i book
|m 0365923
|